<?xml version="1.0" encoding="UTF-8"?>
<record
    xmlns:xsi="http://www.w3.org/2001/XMLSchema-instance"
    xsi:schemaLocation="http://www.loc.gov/MARC21/slim http://www.loc.gov/standards/marcxml/schema/MARC21slim.xsd"
    xmlns="http://www.loc.gov/MARC21/slim">

  <leader>01311na  a2200325   4500</leader>
  <controlfield tag="001">13192</controlfield>
  <controlfield tag="003">MIRAKIL</controlfield>
  <controlfield tag="005">20181213154842.0</controlfield>
  <controlfield tag="008">161004b        tu            000 0      </controlfield>
  <datafield tag="020" ind1=" " ind2=" ">
    <subfield code="a">975192328X</subfield>
  </datafield>
  <datafield tag="035" ind1=" " ind2=" ">
    <subfield code="a">13192</subfield>
  </datafield>
  <datafield tag="040" ind1=" " ind2=" ">
    <subfield code="a">Milas</subfield>
    <subfield code="b">tur</subfield>
    <subfield code="c">TR-AnCHP</subfield>
  </datafield>
  <datafield tag="082" ind1=" " ind2=" ">
    <subfield code="a">370.82</subfield>
    <subfield code="b">C45s 1999</subfield>
  </datafield>
  <datafield tag="090" ind1=" " ind2=" ">
    <subfield code="a">370.82 C45s 1999</subfield>
  </datafield>
  <datafield tag="245" ind1=" " ind2=" ">
    <subfield code="a">Cinsiyete dayal&#x131; ayr&#x131;mc&#x131;l&#x131;k</subfield>
    <subfield code="b">T&#xFC;rkiye'de e&#x11F;itim sekt&#xF6;r&#xFC; &#xF6;rne&#x11F;i</subfield>
    <subfield code="c">ara&#x15F;t&#x131;rmac&#x131;lar Feride Acar, Ay&#x15F;e G&#xFC;ne&#x15F; Ayata, Demet Varo&#x11F;lu</subfield>
  </datafield>
  <datafield tag="260" ind1=" " ind2=" ">
    <subfield code="a">Ankara</subfield>
    <subfield code="b">Ba&#x15F;bakanl&#x131;k Kad&#x131;n&#x131;n Stat&#xFC;s&#xFC; ve Sorunlar&#x131; Genel M&#xFC;d&#xFC;rl&#xFC;&#x11F;&#xFC;</subfield>
    <subfield code="c">1999</subfield>
  </datafield>
  <datafield tag="300" ind1=" " ind2=" ">
    <subfield code="a">xii, 142 s.</subfield>
    <subfield code="b">tbl.</subfield>
    <subfield code="c">24 sm.</subfield>
  </datafield>
  <datafield tag="500" ind1=" " ind2=" ">
    <subfield code="a">&#x130;&#xE7; kapak yap&#x131;t ad&#x131;: Cinsiyete dayal&#x131; ayr&#x131;mc&#x131;l&#x131;k : T&#xFC;rkiye'de e&#x11F;itim sekt&#xF6;r&#xFC; &#xF6;rne&#x11F;i : cinsiyete dayal&#x131; ayr&#x131;mc&#x131;l&#x131;k ve kad&#x131;n &#xE7;al&#x131;&#x15F;anlara kar&#x15F;&#x131; tutumlar : T&#xFC;rkiye'de e&#x11F;itim sekt&#xF6;r&#xFC; &#xF6;rne&#x11F;i</subfield>
  </datafield>
  <datafield tag="504" ind1=" " ind2=" ">
    <subfield code="a">Kaynak&#xE7;a var.</subfield>
  </datafield>
  <datafield tag="650" ind1=" " ind2=" ">
    <subfield code="a">Cinsiyet ayr&#x131;m&#x131;</subfield>
    <subfield code="x">E&#x11F;itim</subfield>
    <subfield code="z">T&#xFC;rkiye</subfield>
  </datafield>
  <datafield tag="650" ind1=" " ind2=" ">
    <subfield code="a">Kad&#x131;n sorunu</subfield>
    <subfield code="x">T&#xFC;rkiye</subfield>
    <subfield code="z">T&#xFC;rkiye</subfield>
  </datafield>
  <datafield tag="650" ind1=" " ind2=" ">
    <subfield code="a">Kad&#x131;nlar </subfield>
    <subfield code="x">Sosyal durum</subfield>
    <subfield code="z">T&#xFC;rkiye</subfield>
  </datafield>
  <datafield tag="650" ind1=" " ind2=" ">
    <subfield code="a">Kad&#x131;nlar</subfield>
    <subfield code="x">E&#x11F;itim</subfield>
    <subfield code="z">T&#xFC;rkiye</subfield>
  </datafield>
  <datafield tag="650" ind1=" " ind2=" ">
    <subfield code="a">Cinsel ayr&#x131;mc&#x131;l&#x131;k, E&#x11F;itimde</subfield>
    <subfield code="x">T&#xFC;rkiye</subfield>
  </datafield>
  <datafield tag="657" ind1=" " ind2=" ">
    <subfield code="a">E&#x11F;itimde cinsel ayr&#x131;mc&#x131;l&#x131;k</subfield>
  </datafield>
  <datafield tag="700" ind1=" " ind2=" ">
    <subfield code="a">Varo&#x11F;lu, Demet</subfield>
  </datafield>
  <datafield tag="700" ind1=" " ind2=" ">
    <subfield code="a">Ayata, Ay&#x15F;e G&#xFC;ne&#x15F;</subfield>
  </datafield>
  <datafield tag="700" ind1=" " ind2=" ">
    <subfield code="a">Acar, Feride</subfield>
  </datafield>
  <datafield tag="942" ind1=" " ind2=" ">
    <subfield code="2">dcc</subfield>
    <subfield code="c">BKS</subfield>
  </datafield>
  <datafield tag="952" ind1=" " ind2=" ">
    <subfield code="a">0001</subfield>
    <subfield code="b">0001</subfield>
    <subfield code="d">2016-08-10</subfield>
    <subfield code="e">2</subfield>
    <subfield code="l">0</subfield>
    <subfield code="o">370.82 C45s 1999</subfield>
    <subfield code="p">000696</subfield>
    <subfield code="r">2016-08-10 00:00:00</subfield>
    <subfield code="v">0.00</subfield>
    <subfield code="w">2016-08-10</subfield>
    <subfield code="y">BKS</subfield>
  </datafield>
  <datafield tag="999" ind1=" " ind2=" ">
    <subfield code="c">2019</subfield>
    <subfield code="d">2019</subfield>
  </datafield>
</record>
